000 00702nam a22002177a 4500
005 20240530110428.0
008 150328s2005 ua g 000 0 ara d
017 _a2004/20220
_bمصر . دار الكتب المصرية
020 _a9770911666
040 _aEG-CaGPL
082 0 4 _221
_a813.01\
_bإ ى
100 0 _aابراهيم اصلان
245 1 0 _aيوسف و الرداء /
_cابراهيم اصلان
250 _aط1.
260 _aالقاهرة :
_bدار الشروق ،
_c2005
300 _a69 ص ؛
_c18 سم
650 0 4 _aالقصص العربية
650 0 4 _aالقصص العربية القصيرة
942 _2ddc
_cBK
999 _c60783
_d60783